ბათუმის შოთა რუსთაველის სახელმწიფო უნივერსიტეტის ბიბლიოთეკა

დიდი ფოთოლცვენა (ბიბ.ჩანაწერი № 48733)

000 -LEADER
fixed length control field 00726nam a2200229Ia 4500
001 - CONTROL NUMBER
control field 15633
003 - CONTROL NUMBER IDENTIFIER
control field GE_BSU
008 - FIXED-LENGTH DATA ELEMENTS--GENERAL INFORMATION
fixed length control field 181216s||||||||xx |||||||||||||| ||und||
040 ## - CATALOGING SOURCE
Transcribing agency GE_BSU
080 ## - UNIVERSAL DECIMAL CLASSIFICATION NUMBER
Universal Decimal Classification number 821.353.1-1
100 ## - MAIN ENTRY--PERSONAL NAME
Personal name წიკლაური, მამუკა
245 ## - TITLE STATEMENT
Title დიდი ფოთოლცვენა
245 ## - TITLE STATEMENT
Remainder of title ლექსები
245 ## - TITLE STATEMENT
Statement of responsibility, etc. რედ. შ.მირხულავა. მხ. გ.წერეთელი
260 ## - PUBLICATION, DISTRIBUTION, ETC.
Place of publication, distribution, etc. თბილისი
260 ## - PUBLICATION, DISTRIBUTION, ETC.
Name of publisher, distributor, etc. საბჭ. საქართველო
260 ## - PUBLICATION, DISTRIBUTION, ETC.
Date of publication, distribution, etc. 1976
300 ## - PHYSICAL DESCRIPTION
Extent 68გვ. ; 16სმ
653 ## - INDEX TERM--UNCONTROLLED
Uncontrolled term დიდი ფოთოლცვენა
653 ## - INDEX TERM--UNCONTROLLED
Uncontrolled term ლექსები
942 ## - ADDED ENTRY ELEMENTS (KOHA)
Koha item type წიგნი
ეგზემპლარები
Withdrawn status Lost status Damaged status Not for loan Date acquired Barcode Date last seen Price effective from Koha item type
        2018-12-17 38946 2018-12-17 2018-12-17 წიგნი